El Congreso Constituyente de 1916-1917 Tomo V

Detalles Bibliográficos
Autor principal: Melgarejo Randolf, Luis
Otros Autores: Fernǹdez Rojas, J.
Formato: eBook
Lenguaje:español
Publicado: Ciudad de Mx̌ico: Cm̀ara de Diputados, 2016
Materias:
Acceso en línea:Acceso restringido

MARC

LEADER 00000nam a22000007a 4500
005 20170929213218.0
007 cr|||| ||||
008 170929s2016 mx |||||s||||f00||0 spa d
020 |a 978-607-9423-86-5 
035 |a 20619 
040 |a vLex 
090 |c 7035  |d 7035 
100 1 |a Melgarejo Randolf, Luis 
245 1 2 |a El Congreso Constituyente de 1916-1917  |h [Recurso electrn̤ico] /  |c Luis Melgarejo Randolf, J. Fernǹdez Rojas  |n Tomo V 
256 |a Servicio en ln̕ea 
260 |a Ciudad de Mx̌ico:  |b Cm̀ara de Diputados,  |c 2016 
300 |a 1 recurso electrn̤ico 
506 1 |a Disponible solo en los productos indicados  |d vLex Global  |d vLex Global (Academic Edition, excluding Law Schools)  |d vLex Global (U.S. Academic Edition, Law Schools)  |d vLex Global (U.S. Academic Edition, excluding Law Schools)  |d vLex Global (Academic Edition, Law Schools) 
650 0 4 |a Derecho Constitucional  |z Mx̌ico 
700 1 |a Fernǹdez Rojas, J. 
740 0 |a vLex Libros (Servicio en ln̕ea) 
856 4 0 |u http://vlex.com/source/congreso-constituyente-de-1916-1917-tomo-v-20619  |z Acceso restringido 
942 |c BOOK 
999 0 |a Constitutional Law